00686cam a22002411 4500001001300000003000400013005001700017008004100034010001700075035002000092040002100112042001200133050001500145100003300160245009700193260002500290300002900315502002500344500001000369650002400379650002400403999001700427g 01001629 DLC20260227111255.0940531s1890 gw 000 0 ger  ag 01001629  a(OCoLC)30523779 aDLCcCUdCUdDLC apremarc00aHD915b.N71 aNitobe, Inazō,d1862-1933.00aÜber den japanischen grundbesitz, dessen verteilung und landwirtschaftliche verwertung ... aHalle a.d.S.,c1890. aviii, 91, [1] p.c23 cm. aInaug.-diss.--Halle. aVita. 0aAgriculturezJapan. 0aLand tenurezJapan. c23795d23795